000 00907nam a22001697a 4500
999 _c524421
_d524421
008 231114b ||||| |||| 00| 0 eng d
100 _aSrinivas, V.
_952271
110 _a
_941764
245 _aAdministrative reforms: Lessons and experiences 2019-2023
260 _aIIPA Digest
300 _a5(2), Apr-Jun, 2023: p.34-49
520 _a“Technology has immense potential to bring government and citizens closer. Today technology has become a powerful tool to empower citizens as well as a medium to optimize transparency and accountability in day-to- day functioning. Through various policy interventions we are strongly moving ahead toward digital empowerment of citizens and digital transformation of Institution”- prime Minister Narendra Modi. – Reproduced
650 _aAdministrative reforms:
_946048
773 _aIIPA Digest
906 _aADMINISTRATIVE REFORMS
942 _cAR